Statistics for US States with Active Volcanoes

Click here to take the quiz!

General Stats

  • This quiz has been taken 92 times
  • The average score is 12 of 12

Answer Stats

Answer% Correct
Hawaii
100%
Washington
100%
Alaska
99%
California
99%
Oregon
99%
Arizona
98%
Idaho
98%
Wyoming
97%
New Mexico
95%
Utah
94%
Colorado
93%
Nevada
93%

Score Distribution

Percentile by Number Answered

Percent of People with Each Score

Your Score History

You have not taken this quiz